ARRUPE JESUIT UNIVERSITY

CORONAVIRUS -STOP THE SPREAD - CLEAN,DISINFECT,COVER

The Congo and the founding of its free state (Record no. 124087)

MARC details
000 -LEADER
fixed length control field 01275cam a2200313 4500
001 - CONTROL NUMBER
control field 683809
003 - CONTROL NUMBER IDENTIFIER
control field ARRUPE
005 - DATE AND TIME OF LATEST TRANSACTION
control field 20160203102219.0
007 - PHYSICAL DESCRIPTION FIXED FIELD--GENERAL INFORMATION
fixed length control field hdrafa---baca
008 - FIXED-LENGTH DATA ELEMENTS--GENERAL INFORMATION
fixed length control field 880930r19771885dcuabcf a 001 0 eng
010 ## - LIBRARY OF CONGRESS CONTROL NUMBER
LC control number 05009124
035 ## - SYSTEM CONTROL NUMBER
System control number (OCoLC)37657607
035 ## - SYSTEM CONTROL NUMBER
System control number (OCoLC)ocm37657607
035 ## - SYSTEM CONTROL NUMBER
System control number (CStRLIN)NYCG88-B70145
035 ## - SYSTEM CONTROL NUMBER
System control number (NNC)683809
040 ## - CATALOGING SOURCE
Original cataloging agency DLC
Transcribing agency NNC
Modifying agency NNC
043 ## - GEOGRAPHIC AREA CODE
Geographic area code f-cg---
-- afg-----
050 0# - LIBRARY OF CONGRESS CALL NUMBER
Classification number SPC DT351
Item number .S71
090 ## - LOCALLY ASSIGNED LC-TYPE CALL NUMBER (OCLC); LOCAL CALL NUMBER (OCLC)
Classification number (OCLC) (R) ; Classification number, CALL (RLIN) (NR) DT351
Local cutter number (OCLC) ; Book number/undivided call number, CALL (RLIN) .S71
300 ## - PHYSICAL DESCRIPTION
Other physical details fronts., illus., plates, ports., maps (part folded), plan.
Dimensions 23 cm.
100 1# - MAIN ENTRY--PERSONAL NAME
Personal name Stanley, Henry M.
Fuller form of name (Henry Morton),
Dates associated with a name 1841-1904.
9 (RLIN) 21945
245 14 - TITLE STATEMENT
Title The Congo and the founding of its free state
Remainder of title a story of work and exploration /
Statement of responsibility, etc by Henry M. Stanley. With over one hundred full-page and smaller illustrations, two large maps, and several smaller ones ...
260 ## - PUBLICATION, DISTRIBUTION, ETC. (IMPRINT)
Place of publication, distribution, etc London :
Name of publisher, distributor, etc Sampson Low, Marston Searle and Rivington
Date of publication, distribution, etc 1885.
300 ## - PHYSICAL DESCRIPTION
Extent xxvi, 528p.;
533 ## - REPRODUCTION NOTE
Type of reproduction Microfilm.
Place of reproduction [Washington, D.C.] :
-- Library of Congress Photoduplication Service,
Date of reproduction 1977.
Physical description of reproduction 1 microfilm reel ; 35 mm.
651 #0 - SUBJECT ADDED ENTRY--GEOGRAPHIC NAME
Geographic name Congo (Democratic Republic)
General subdivision Description and travel.
9 (RLIN) 9723
651 #0 - SUBJECT ADDED ENTRY--GEOGRAPHIC NAME
Geographic name Congo (Democratic Republic)
General subdivision History.
9 (RLIN) 14623
942 ## - ADDED ENTRY ELEMENTS (KOHA)
Source of classification or shelving scheme Library of Congress Classification
Koha item type Monograph ( Printed materials)
Holdings
Withdrawn status Lost status Source of classification or shelving scheme Damaged status Not for loan Collection code Home library Current library Shelving location Date acquired Total Checkouts Full call number Barcode Date last seen Price effective from Koha item type
    Library of Congress Classification     Main Collection ARRUPE LIBRARY ARRUPE LIBRARY Main Collection 03/02/2016   SPC DT351.S71 46500006083 05/07/2018 03/02/2016 SPC

 

Arrupe Library. PO Box MP320 Mt Pleasant, Harare, Zimbabwe
263 242 745411|librarian@aju.ac.zw